000 00625nam a2200193 a 4500
001 000036687
005 20200930075856.0
008 120125s1949 fr 000 d fre d
040 _aDO-SdBNP
_bspa
_cBNPHU
100 1 _aMolière, Jean-Baptiste Poquelin
_d1622-1673
_939866
245 1 0 _aMolière :
_bthéatre /
_cMolière.
260 _aParis :
_bHachette,
_c1949.
300 _a5 v. ;
_c19 cm.
490 0 _aCollection du flambeau
500 _aBiblioteca tiene vol. 4
600 1 4 _aMOLIÈRE, JEAN-BAPTISTE POQUELIN
_xCOLECCIÓN DE ESCRITOS
_962974
650 2 4 _aLiteratura francesa
_91074
650 2 4 _aTeatro francés
_95359
999 _c36178
_d36178